| 000 | 00662nam a2200217Ii 4500 | ||
|---|---|---|---|
| 003 | JO-AjNU | ||
| 008 | 230605s9999||||xx |||||||||||||| ||und|| | ||
| 017 | _a2012/6/2233 | ||
| 040 |
_aJO-AjNU _bara _erda _cJO-AjNU |
||
| 041 | _aara | ||
| 050 | 1 | 4 | _aPJ7808.U2.A17 2013 |
| 100 | 3 |
_aابو عبيد، نايف , _eauthor _957509 |
|
| 245 | 0 | 0 | _aديوان لظى العوافي |
| 250 | _aط1 | ||
| 264 | 3 | 1 | _aعمان: وزارة الثقافة،2012 |
| 300 | _a243ص | ||
| 336 |
_atext _btxt _2rdacontent |
||
| 337 |
_aunmediated _bn _2rdamedia |
||
| 338 |
_avolume _bnc _2rdacarrier |
||
| 650 | 4 |
_aالشعر العربي-العصر الحديث _957510 |
|
| 999 |
_aA25777 _c29345 _d29345 |
||